| 000 | 01551nam a2200397 i 4500 | ||
|---|---|---|---|
| 001 | 25387 | ||
| 003 | KOSZ 005 | ||
| 005 | 20230704093215.0 | ||
| 008 | 071213s1971 pl a f 001 0 pol | ||
| 015 | _aPB 1971/9447 | ||
| 035 | _a(OCoLC)69316607 | ||
| 040 |
_aWA N _cWA N _dKOSZ 005/KK |
||
| 041 | 1 |
_apol _heng |
|
| 080 | _a616:89:159.97 | ||
| 245 | 0 | 0 |
_aUpośledzenie umysłowe : _bnowe poglądy / _cAnn M. Clarke, A. D. B. Clarke, J. M. Berg et al. ; [tł. Elżbieta Burbowa et al. ; red. nauk. wyd. pol. Ignacy Wald]. |
| 246 | 1 |
_iTytuł oryginału: _aMental deficiency. |
|
| 250 | _aWydanie 2. | ||
| 260 |
_aWarszawa : _bPaństwowe Wydawnictwo Naukowe, _c1971. |
||
| 300 |
_a571, [1] stron, tablice : _bilustracje, errata ; _c23 cm. |
||
| 336 |
_2rdacontent _aTekst _btxt |
||
| 337 |
_2rdamedia _aBez urządzenia pośredniczacego _bn |
||
| 338 |
_2rdacarrier _aWolumin _bnc |
||
| 380 | _aKsiążki. | ||
| 504 | _aBibliografia na stronach 509-553. Indeks. | ||
| 658 | _aMedycyna i zdrowie | ||
| 655 | 4 | _aPodręczniki akademickie | |
| 650 | 4 | _aNiepełnosprawność intelektualna | |
| 700 | 1 | _aClarke, Ann Margaret. | |
| 700 | 1 | _aClarke, Alan Douglas Benson. | |
| 700 | 1 |
_aWald, Ignacy _d(1923-1991). _eRedakcja |
|
| 700 | 1 |
_aBurbowa, Elżbieta. _eTłumaczenie |
|
| 710 |
_aPaństwowe Wydawnictwo Naukowe _4pbl. |
||
| 700 | 1 |
_aBerg, Jeremy Mark _eAutor |
|
| 856 |
_uhttp://koha.tu.koszalin.pl/cgi-bin/koha/opac-detail.pl?biblionumber=25387 _yKatalog online BPK |
||
| 942 |
_2UKD _cKS |
||
| 999 |
_c25387 _d25387 |
||